Geography Quiz

Random Geography or World Quiz
Score 0/49 Timer 06:00
2 Plays Today
Hint Answer % Correct
Border the North SeaUnited Kingdom
94.9%
Claim territory in AntarcticaUnited Kingdom
94.9%
Have hosted the Winter Olympics more than onceUnited States
94.3%
Border the North SeaDenmark
92.7%
Claim territory in AntarcticaFrance
92.5%
Border the North SeaFrance
92.3%
Have hosted the Winter Olympics more than onceFrance
92.2%
Start with the letter 'N'Netherlands
92.1%
Border the North SeaNetherlands
92%
Border the North SeaGermany
91.7%
Have hosted the Winter Olympics more than onceCanada
87.1%
Border the North SeaBelgium
85.1%
Have hosted the Winter Olympics more than onceItaly
83.1%
Start with the letter 'N'New Zealand
82%
Claim territory in AntarcticaNew Zealand
81.6%
Have hosted the Winter Olympics more than onceSwitzerland
81.2%
Start with the letter 'N'Niger
80.4%
Have a 4-letter capital cityItaly
79.8%
Start with the letter 'N'Nigeria
79.2%
Have hosted the Winter Olympics more than onceJapan
78.2%
Have a 4-letter capital citySwitzerland
78.1%
Start with the letter 'N'Namibia
77.3%
Claim territory in AntarcticaAustralia
75.7%
Start with the letter 'N'Nicaragua
73.7%
Claim territory in AntarcticaArgentina
73.4%
Hint Answer % Correct
Start with the letter 'N'North Korea
68.3%
Have hosted the Winter Olympics more than onceAustria
66.7%
Claim territory in AntarcticaChile
66.5%
Start with the letter 'N'Nauru
64.9%
Have a GDP per capita of more than $68,000Monaco
64.2%
Have a GDP per capita of more than $68,000Luxembourg
60.6%
Have a 4-letter capital cityPeru
58.8%
Start with the letter 'N'Nepal
58.3%
Have a GDP per capita of more than $68,000Qatar
56.5%
Have a 4-letter capital cityQatar
53.9%
Have a GDP per capita of more than $68,000Liechtenstein
53.8%
Have a 4-letter capital cityLatvia
52.6%
Start with the letter 'N'North Macedonia
46.6%
Have a GDP per capita of more than $68,000Singapore
44.2%
Have a 4-letter capital cityUkraine
43.8%
Have a GDP per capita of more than $68,000Kuwait
37.2%
Have a 4-letter capital cityFiji
36.8%
Have a 4-letter capital cityTogo
33.9%
Have a GDP per capita of more than $68,000Brunei
29.6%
Have a 4-letter capital cityAzerbaijan
29.2%
Have a 4-letter capital citySamoa
28.5%
Have a 4-letter capital cityTimor-Leste
27.2%
Have a 4-letter capital cityMaldives
26.6%
Have a 4-letter capital citySouth Sudan
25.2%
Remove Ads.
Support Sporcle.
Get the best of Sporcle when you Go Orange. This ad-free experience offers more features, more stats, and more fun while also helping to support Sporcle. Thank you for becoming a member.

You're not logged in!

Compare scores with friends on all Sporcle quizzes.
OR
Log In

Show Comments

Extras

Top Quizzes Today


Score Distribution

Your Account Isn't Verified!

In order to create a playlist on Sporcle, you need to verify the email address you used during registration. Go to your Sporcle Settings to finish the process.

Report this User

Report this user for behavior that violates our Community Guidelines.

Details: